Every Captain of the Edmonton Oilers - Statistics

General Stats
  • This quiz has been taken 10 times
  • The average score is 6 of 17
Answer Stats
Captain % Correct
Connor McDavid
100%
Wayne Gretzky
100%
Mark Messier
67%
Jason Smith
56%
Kevin Lowe
56%
Shawn Horcoff
56%
Andrew Ference
33%
Craig MacTavish
33%
Doug Weight
33%
Ethan Moreau
33%
Kelly Buchberger
22%
Al Hamilton
11%
Ron Chipperfield
11%
Shayne Corson
11%
Blair MacDonald
0%
Lee Fogolin
0%
Paul Shmyr
0%
No matching quizzes found
Score Distribution
Percent of People with Each Score
Percentile by Number Answered
Your Score History
You have not taken this quiz